The Teeth Quiz Stats

Quiz Updated Aug 28, 2012

Challenge
Share
Tweet
Embed
Score 0/10 Timer 04:00
0 Plays Today
Teeth-Themed Question Answer % Correct
By the time he became U.S. President in 1789, he only had one tooth; his sets of dentures were not carved from wood, but likely from the ivory of the hippopotamus.George Washington
85.3%
No matter where in the world it's told, the last words of this fairy tale's title character are a reaction to the large mouth full of teeth of a ''wolf in grandmother's clothing''.''Little Red Riding Hood''
82.2%
Pasta that is firmly cooked is usually described by this Italian phrase which means ''to the tooth''.''al dente''
79%
This private college in New York was established in 1819 by the family whose company was the first to package and sell toothpaste in tubes.Colgate University
71.9%
The name and logo of this wireless technology used in computers and mobile phones is derived from 10th century Danish king, Harald Gormsson.Bluetooth
60.1%
He wrote: '''Well! I've often seen a cat without a grin,' thought Alice; 'but a grin without a cat! It's the most curious thing I ever saw in my life!'''Lewis Carroll
58%
Popularized by Spike Jones and his City Slickers, the singer solely requests the appearance of their adult maxillary central incisors in this novelty Christmas tune.''All I Want for Christmas Is My Two Front Teeth''
55.5%
I'mma let you finish this quiz, but this rapper had his bottom row of teeth replaced by gold and diamonds in 2010; he lost most of the original teeth in a car crash in '02.Kanye West
49.2%
Performed by the show's producer, Jim Henson, the leader of The Muppet Show's house band, Dr. Teeth and the Electric Mayhem, played this musical instrument.keyboard
45.8%
This hardened dental plaque that accumulates on teeth shares its name with a branch of mathematics which studies change.calculus
27.8%

You're not logged in!

Compare scores with friends on all Sporcle quizzes.
Sign Up with Email
OR
Log In

You Might Also Like...

Show Comments

Extras

Top Quizzes Today


Score Distribution

Your Account Isn't Verified!

In order to create a playlist on Sporcle, you need to verify the email address you used during registration. Go to your Sporcle Settings to finish the process.